Globalization and governance: Changing nature of the state (Record no. 98333)

000 -LEADER
fixed length control field 01101pab a2200169 454500
008 - FIXED-LENGTH DATA ELEMENTS--GENERAL INFORMATION
fixed length control field 180718b2012 xxu||||| |||| 00| 0 eng d
100 ## - MAIN ENTRY--PERSONAL NAME
Personal name Gautam, Richa
245 ## - TITLE STATEMENT
Title Globalization and governance: Changing nature of the state
260 ## - PUBLICATION, DISTRIBUTION, ETC.
Date of publication, distribution, etc. 2012
300 ## - PHYSICAL DESCRIPTION
Extent p.74-82.
362 ## - DATES OF PUBLICATION AND/OR SEQUENTIAL DESIGNATION
Dates of publication and/or sequential designation Jul-Dec
520 ## - SUMMARY, ETC.
Summary, etc. This paper tries to show that globalisation and governance with their imperfections has to be combined in a way that it leads to peace, harmony and prosperity, just as the lame and blind can move forward happily with lame telling the right path and blind moving ahead. State becomes an important actor when we consider governance. The article shows that though the nature of state is changing from being interventionist to minimal interference yet the role of state as the driving agent of globalisation cannot be undermined. The only solution to mismanaged globalisation is good governance wherein the state through good governance can make a perfect combination with globalisation. - Reproduced.
650 ## - SUBJECT ADDED ENTRY--TOPICAL TERM
Topical term or geographic name entry element Globalization
773 ## - HOST ITEM ENTRY
Main entry heading Review of Politics
908 ## - PUT COMMAND PARAMETER (RLIN)
Put command parameter N
909 ## -
-- 98334
Holdings
Withdrawn status Lost status Damaged status Not for loan Permanent Location Current Location Date acquired Serial Enumeration / chronology Barcode Date last seen Price effective from Koha item type
        Indian Institute of Public Administration Indian Institute of Public Administration 2018-07-19 Volume no: 20, Issue no: 2 AR98794 2018-07-19 2018-07-19 Articles

Powered by Koha